| 000 | 00459ntaaa2200181 4500 | ||
|---|---|---|---|
| 003 | 01 | ||
| 005 | 20251027202115.0 | ||
| 008 | 0714s1973 ag 01 | ||
| 040 |
_aAR-BaBN _bspa _cAR-BaBN _eaacr _dRIC |
||
| 082 | _a252.4000 F96 | ||
| 100 |
_aA Layman _919533 |
||
| 245 | _aThe church of Christ | ||
| 250 | _a1 ed. | ||
| 260 |
_aNew York : _bFunk and Wagnalls Company, _c1905, 1907 |
||
| 300 | _a342 p | ||
| 650 |
_aiglesia-naturaleza de la _91715 |
||
| 942 | _cBK | ||
| 999 |
_c15924 _d15924 |
||